[Event "COL-ch Antioquia Profesionals"]
[Site "Antioquia"]
[Date "2012.??.??"]
[Round "2.2"]
[White "Zapata Cuartas, Juan Carlos"]
[Black "Rodriguez Alvarez, Norbey"]
[Result "1-0"]
[WhiteElo "2120"]
[BlackElo "1697"]
[PlyCount "80"]
[EventDate "2012.09.11"]
[EventType "tourn"]
[EventRounds "7"]
[EventCountry "COL"]
[SourceTitle "EXT 2024"]
[Source "ChessBase"]
[SourceDate "2023.10.10"]
[SourceVersion "1"]
[SourceVersionDate "2023.10.10"]
[SourceQuality "1"]

1. d4 d5 2. c4 Nf6 3. cxd5 Qxd5 4. Nc3 Qd8 5. e4 e6 6. Nf3 Be7 7. Bc4 0-0 8. 0-0 c6 9. Re1 Nbd7 10. Bf4 Re8 11. Rc1 Nf8 12. Qc2 Ng6 13. Bg3 Nh5 14. d5 Nxg3 15. hxg3 cxd5 16. exd5 Qc7 17. Nb5 Qc5 18. dxe6 Bxe6 19. Rxe6 fxe6 20. Bxe6+ Kh8 21. Qxc5 Bxc5 22. Rxc5 Rxe6 23. Nc7 b6 24. Rc3 Ree8 25. Nxa8 Rxa8 26. Rc7 h6 27. Kf1 Kg8 28. Nd4 Nh8 29. Nc6 a6 30. Rb7 a5 31. Rxb6 Nf7 32. Ke2 Kf8 33. Kd3 Ng5 34. Rb8+ Rxb8 35. Nxb8 Ke8 36. b3 Nf7 37. Nc6 a4 38. bxa4 Kd7 39. Nd4 Ne5+ 40. Ke4 Nc4 1-0

[Event "Medellin Region 1601/1800"]
[Site "Medellin"]
[Date "2010.03.02"]
[Round "7.4"]
[White "Hernandez, Carlos"]
[Black "Rodriguez Alvarez, Norbey"]
[Result "1-0"]
[WhiteElo "1692"]
[BlackElo "1688"]
[PlyCount "51"]
[EventDate "2010.02.17"]
[EventType "swiss"]
[EventRounds "7"]
[EventCountry "COL"]
[SourceTitle "EXT 2024"]
[Source "ChessBase"]
[SourceDate "2023.10.10"]
[SourceVersion "1"]
[SourceVersionDate "2023.10.10"]
[SourceQuality "1"]

1. e4 d6 2. d4 c6 3. c4 g6 4. Nc3 Bg7 5. Be3 Nf6 6. f3 Nh5 7. g4 Nf6 8. Qd2 h6 9. 0-0-0 Nbd7 10. h4 Ng8 11. Nge2 a6 12. Ng3 Nf8 13. f4 b5 14. e5 Qa5 15. exd6 b4 16. Nce4 Qxa2 17. Qxb4 Bd7 18. Be2 a5 19. Qb7 Rd8 20. dxe7 Kxe7 21. d5 f5 22. Bc5+ Ke8 23. Nd6+ Ke7 24. Ndxf5+ Kf6 25. Ne4+ Kf7 26. Ned6+ 1-0